| 000 | 01380cam a2200313 a 4500 | ||
|---|---|---|---|
| 001 | 16628286 | ||
| 003 | NUST | ||
| 005 | 20221220124711.0 | ||
| 008 | 110128s2011 enk b 001 0 eng | ||
| 010 | _a 2011002340 | ||
| 020 | _a9780415492393 (hardback : alk. paper) | ||
| 020 | _a9780415492409 (pbk. : alk. paper) | ||
| 020 | _a9780203808160 (ebook) | ||
| 040 |
_aDLC _cDLC _dDLC |
||
| 042 | _apcc | ||
| 050 | 0 | 0 |
_aU22 _b.F76 2011 |
| 082 | _a172.42, FRO | ||
| 100 | 1 |
_aFrowe, Helen. _991060 |
|
| 245 | 1 | 4 |
_aThe ethics of war and peace : _ban introduction / _cHelen Frowe. |
| 260 |
_aLondon ; _aNew York : _bRoutledge, _c2011. |
||
| 300 |
_ax, 244 p. ; _c24 cm. |
||
| 505 | _aSelf-defence (Page-9), War and self-defence (Page-29), The conditions of jus ad bellum (Page-50), Just wars? (Page-72), The conditions of jus in bello (Page-95), The moral status of combatants (Page-118), Non-combatants in war (Page-140), Terrorists, torture and just terrorism (Page-168), Terrorists, torture and just war theory (Page-190), Just psot bellum (Page-208). | ||
| 650 | 0 |
_aWar _xMoral and ethical aspects. _937138 |
|
| 650 | 0 |
_aJust war doctrine. _937137 |
|
| 650 | 0 |
_aMilitary ethics. _910030 |
|
| 906 |
_a7 _bcbc _corignew _d1 _eecip _f20 _gy-gencatlg |
||
| 942 |
_2ddc _cBK |
||
| 999 |
_c592742 _d592742 |
||